No son sólo mariposas (entrevista a Lorenzo Cardenal, Dirigente del Movimiento Ambientalista Nicaragüense - MAN) /

El ecologismo en Nicaragua empieza a tener un mayor auge debido al trabajo del Movimiento Ambientalista Nicaragüense, que se define como una organización civil independiente, interesada en la solución de problemas ambientales y sociales del país. Para los integrantes de esta organización, son insep...

Deskribapen osoa

Gorde:
Xehetasun bibliografikoak
Egile nagusia: Lomba, Mariuca
Beste egile batzuk: Cardenal, Lorenzo
Formatua: Texto
Hizkuntza:Spanish
Gaiak:
Etiketak: Etiketa erantsi
Etiketarik gabe, Izan zaitez lehena erregistro honi etiketa jartzen!

MARC

LEADER 00000 a a2200000 04500
001 12371
003 cru CIDCACS/IIS
005 20220920160546.0
008 201001b ||||| |||| 00| 0 spa d
040 |c cru CIDCACS/IIS 
100 1 |a Lomba, Mariuca  |9 9634 
245 1 |a No son sólo mariposas (entrevista a Lorenzo Cardenal, Dirigente del Movimiento Ambientalista Nicaragüense - MAN) /  |c Mariuca Lomba, Lorenzo Cardenal 
300 |a páginas 38-40 
500 |a Colección Centroamérica 
520 |a El ecologismo en Nicaragua empieza a tener un mayor auge debido al trabajo del Movimiento Ambientalista Nicaragüense, que se define como una organización civil independiente, interesada en la solución de problemas ambientales y sociales del país. Para los integrantes de esta organización, son inseparables el concepto de equilibrio, calidad ambiental, justicia social y calidad de vida. Los problemas ambientales tienen un carácter estructural, por ello se inclinan por una concepción tercermundista del ecologismo, que permite a los pueblos del Tercer Mundo, disfrutar de los beneficios de sus recursos naturales racionalmente, no protegiéndolos como futuras reservas de los países industrializados. El ecologismo supera las barreras ideológicas, no es una ideología, pero sin embargo todas adoptan la ecología dentro de sus propuestas. El movimiento trata de cambiar la imagen del ecologismo pasivo, que observa pájaros y caza mariposas, estereotipo elaborado y exportado por los países desarrollados, participando activamente en la protección del ambiente, en armonía con la justicia social. VJ/MR 
650 0 |a ECOLOGIA  |9 2020 
650 0 |a EQUILIBRIO ECOLOGICO   |9 7262 
650 0 |a CONSERVACION DE LA NATURALEZA  |9 2234 
650 0 |a CALIDAD DE LA VIDA   |9 927 
700 1 |9 9635  |a Cardenal, Lorenzo 
773 0 |0 43109  |9 4931  |a Coodinadora Regional de Investigaciones Económicas y Sociales  |d Managua, Nicaragua: CRIES, 1982-  |o 22350  |t Pensamiento Propio / 
942 |2 ddc  |c PP 
999 |c 43408  |d 43408